000 00681nam a22002537a 4500
003 CHAP
005 20220817043339.0
008 971013s1953 r 00010 d
010 _a72735
011 _a73707
035 _a83265
040 _cCHAP
082 _a630.95
_bF3
110 _aFAO
245 _aAgriculture in Asia and the Far East
_b: development and outlook
260 _aRome :
_bFAO,
_c1953
300 _a163 p.
590 _aBATCH-UPD
_b10
_c20130110
_lUCH01
_h2040
590 _aCONVERSION
_b10
_c20130109
_lUCH01
_h1340
650 1 4 _aAgricultura
_xAsia.
_91194
901 _aBK
942 _cLIBRO
949 _a630.95 F3
_bBC
_cFAO
_d-99930
_eFAO1
_h20371
_i83265
_si
999 _c72735
_d72735